Data mining : (Record no. 3975)
[ view plain ]
| 000 -LEADER | |
|---|---|
| fixed length control field | 00486cam a2200157 i 4500 |
| 001 - CONTROL NUMBER | |
| control field | 19184960 |
| 003 - CONTROL NUMBER IDENTIFIER | |
| control field | NG-AbAUS |
| 005 - DATE AND TIME OF LATEST TRANSACTION | |
| control field | 20230307093522.0 |
| 008 - FIXED-LENGTH DATA ELEMENTS--GENERAL INFORMATION | |
| fixed length control field | 160721s2017 mau b 001 0 eng |
| 020 ## - INTERNATIONAL STANDARD BOOK NUMBER | |
| International Standard Book Number | 9780128042915 |
| 040 ## - CATALOGING SOURCE | |
| Original cataloging agency | DLC |
| Language of cataloging | eng |
| Description conventions | rda |
| Transcribing agency | DLC |
| 245 00 - TITLE STATEMENT | |
| Title | Data mining : |
| Remainder of title | practical machine learning tools and techniques / |
| Statement of responsibility, etc | Ian H. Witten, Eibe Frank, Mark A. Hall, Christopher J. Pal. |
| 250 ## - EDITION STATEMENT | |
| Edition statement | Fourth Edition. |
| 300 ## - PHYSICAL DESCRIPTION | |
| Extent | xxxii, 621 pages ; |
| Dimensions | 24 cm |
| 942 ## - ADDED ENTRY ELEMENTS (KOHA) | |
| Source of classification or shelving scheme | |
| Item type | Book |
| Withdrawn status | Lost status | Source of classification or shelving scheme | Damaged status | Not for loan | Home library | Current library | Date acquired | Total Checkouts | Barcode | Date last seen | Price effective from | Koha item type |
|---|---|---|---|---|---|---|---|---|---|---|---|---|
| Dewey Decimal Classification | Sid Ahmed Baba Library | Sid Ahmed Baba Library | 05/31/2019 | 3399 | 05/31/2019 | 05/31/2019 | Book | |||||
| Dewey Decimal Classification | Sid Ahmed Baba Library | Sid Ahmed Baba Library | 05/31/2019 | 3400 | 05/31/2019 | 05/31/2019 | Book |